000 00851nam a2200277 i 4500
001 000038789
003 DO-SdBNP
005 20250213094808.0
007 ta
008 130423s2008 dr 000 0 spa d
020 _a9789945420422
040 _aDO-SdBNP
_bspa
_cBNPHU
_erda
082 _axxx
_bN964d 2008
_222
100 1 _aNúñez Báez, Santiago,
_eautor
_4aut.
_965094
245 1 3 _aLa decisión de Sara y otros relatos /
_cSantiago Núñez Báez.
260 _aSanto Domingo :
_bNacional ,
_c2008.
264 4 _aSanto Domingo :
_bEditora Nacional,
_c©2008.
300 _a71 páginas ;
_c21 cm.
336 _atexto
_btxt
_2rdacontent
337 _asin mediación
_bn
_2rdamedia
338 _avolumen
_bnc
_2rdacarrier
590 _aInventariado, 2023 / DG
700 1 _aAmaro, Valentín,
_ecuidado
_912295
910 _aDG
942 _2ddc
_cLBS1
999 _c38279
_d38279